One Piece quiz ultime 8 - Arc Whisky Peak - Statistiques

Statistiques générales
  • Ce quiz a été pris 23 fois
    6 depuis la dernière actualisation
  • Le résultat moyen est 31 sur 52
Statistiques - réponses
Question Réponse % Correct
Combien de chasseurs de primes Zoro affronte-t-il ? 100
100%
À quel organisation appartiennent les chasseurs de primes de l'île ? Baroque Works
100%
En quoi était déguisée Miss Monday ? En bonne sœur
100%
Quel est le vrai nom de Mr. 5 ? Gem
100%
Quel est le vrai nom de Miss Valentine ? Mikita
100%
Quel est le nom complet de Miss Wednesday ? Nefertari Vivi
100%
Qu'utilise souvent Mr. 5 comme projectile ? Ses crottes de nez
100%
Quelle est la prime de Mr. 5 ? 10.000.000
80%
Quel âge a Vivi ? 16 ans
80%
Quel est le vrai nom du boss de l'organisation criminelle ? Crocodile
80%
Qu'est-ce qui recouvre les rochers cactus de l'île ? Des tombes
80%
Comment s'appellent les Log Pose qui n'indiquent qu'une seule île ? Eternal Pose
80%
Quel fruit a mangé Mr. 5 ? Fruit Boum-Boum /Bomu Bomu no Mi
80%
Quel fruit a mangé Miss Valentine ? Fruit Kilo-Kilo / Kilo Kilo no Mi
80%
Quel est le véritable nom de Mr. 8 ? Igaram
80%
Qu'a fait Zoro pendant toute la traversé jusqu'à Whisky Peak ? Il a dormi
80%
Quel est le nom de code de la vice-présidente de l'organisation ? Miss Allsunday
80%
Qui est la deuxième personne à s'être sacrifié pour Vivi ? Miss Monday
80%
Comment s'appelle le bonhomme de neige fait par Luffy ? Monsieur Bonhomme de Neige
80%
Quel est le nom de code du boss de l'organisation criminelle ? Mr. 0
80%
Qui est la première personne à s'être sacrifié pour Vivi ? Mr. 9
80%
Comment Vivi surnomme-t-elle Zoro ? Mr. Bushido
80%
Qui interrompt le combat entre Luffy et Zoro ? Nami
80%
Quelle arme utilise Miss Monday ? Un poing américain
80%
Quelle somme Nami demande-t-elle, en échange d'aider Vivi ? 1.000.000.000
60%
Quel est le poids maximal que peut prendre Miss Valentine ? 10.000 kilos
60%
Quelle est la prime de Miss Valentine ? 7.500.000
60%
Quel est la prime du boss de l'organisation criminelle ? 81.000.000
60%
Que cache Mr. 8 dans ses cheveux ? Des canons
60%
Comment s'appelle l'arme de Mr. 8 ? Igarappa
60%
À quelle espèce appartient Kaloo ? Super canard / Super colvert
60%
Avec quel animal la vice-présidente de l'organisation se déplace-t-elle ? Une tortue
60%
Quelle arme utilise Mr. 8 ? Un saxophone
60%
En qui Mr. 8 s'est-il déguisé pour faire diversion ? Vivi
60%
Combien y a-t-il de membre dans l'organisation criminelle ? 2000
40%
À combien s'élève la dette de Zoro envers Nami ? 200.000
40%
Quelle est la phrase favorite de Mr. 9 ? Bye, bye, baby
40%
Qu'utilise Mr. 9 pour se battre ? Des battes
40%
Quel nom utilise Mr. 8 en tant que maire ? Igarappoi
40%
Quelle île indiquait le Log Pose fix détruit par Luffy ? Île de Nanimonai / Île Sans Rien
40%
Quel nom est inscrit sur une des tombes de l'île ? Mr. Sacrifice
40%
Quel est l'objectif ultime de l'organisation criminelle ? Bâtir un état idéal
20%
Comment Vivi a-t-elle découvert l'identité du boss ? En filant Miss Allsunday
20%
Comment s'appellent les agents inférieurs à Mr. 5 ? Les agents des frontières
20%
Comment s'appellent les agents égaux et supérieurs à Mr. 5 ? Les agents spéciaux
20%
Comment s'appellent les armes de Miss Wednesday ? Peacock Slashers
20%
Comment s'appelle le cimetière de l'île ? Sapoten Graveyard
20%
Comment s'appelle le bonhomme de neige fait par Usopp ? Snow Queen
20%
Sur quelle île se situe Whisky Peak ? Sur l'île au Cactus / Cactus Island
20%
Quel est le surnom de Mr. 5 ? De la frontière
0%
Quelle technique à deux sabres Zoro utilise-t-il face aux chasseurs de primes ? Falcon Waves / Taka Nami
0%
Quel est le surnom de Miss Valentine ? La transporteuse
0%
Aucun quiz correspondant
Distribution des résultats
% des personnes avec chaque résultat
Percentile par nombre de réponses
Votre historique - résultats
Vous n’avez pas pris ce quiz depuis la dernière actualisation